| 000 | 00938nam a2200265Ia 4500 | ||
|---|---|---|---|
| 003 | OSt | ||
| 005 | 20221005113002.0 | ||
| 006 | a|||||r|||| 00| 0 | ||
| 007 | ta | ||
| 008 | 221004b |||||||| |||| 00| 0 pan d | ||
| 020 |
_a9788171166725 (hbk) _cINR 300.00 |
||
| 024 | _a38468 | ||
| 037 |
_b1025, 12/03/2018, H.K. Prakashan _cTextual |
||
| 040 |
_aCRL _cCRL _bpan |
||
| 041 |
_2pan _apan |
||
| 082 | _aO153,1NBHx, Q6 | ||
| 100 | _aਭੋਲੀ, ਜਗਜੀਤ ਕੌਰ, ਂਚ. | ||
| 245 | 0 | _aਪਾਣੀ ਉੱਤੇ ਲੀਕਾਂ | |
| 260 |
_aਦਿੱਲੀ _bਨੈFਨਲ ਬੁਕ Fਾਪ ਭਾਰਤ _c2016 |
||
| 300 |
_a108ਪ੍ਰ0 _ccm. |
||
| 650 | _a ਪੰਜਾਬੀ ਕਾਵਿ | ||
| 650 | _aਪੰਜਾਬੀ ਸਾਹਿਤ | ||
| 942 |
_hO153,1NBHx, Q6 _cTEXL _2cc |
||
| 999 |
_c1026649 _d1026649 |
||